Education and the future of Florida : a report of the comprehensive study of education in Florida.

Bibliographic Details
Corporate Author: Florida. Citizens Committee on Education
Format: Book
Language:English
Published: Tallahassee, [publisher not identified] ; 1947.
Subjects:

MARC

Tag First Indicator Second Indicator Subfields
LEADER 00000cam a2200000 4500
001 in00000054707
005 20151008052105.0
008 750818s1947 tnu 00000 eng u
010 |a  47031835  
035 |a (OCoLC)01556138 
035 |9 AAH1615AM 
040 |c NYG  |d TXA  |d UtOrBLW 
049 |a TXAM  |c [167396] 
050 0 0 |a L136  |b .C5 1947 
082 1 |a 370.9759 
092 |a 370.9759  |b F636e 
110 1 |a Florida.  |b Citizens Committee on Education. 
245 1 0 |a Education and the future of Florida :  |b a report of the comprehensive study of education in Florida. 
264 1 |a Tallahassee,  |b [publisher not identified] ;  |c 1947. 
300 |a viii, 448 pages ;  |c 23 cm. 
336 |a text  |b txt  |2 rdacontent 
337 |a unmediated  |b n  |2 rdamedia 
338 |a volume  |b nc  |2 rdacarrier 
650 0 |a Education  |z Florida. 
999 |a MARS 
999 f f |s fcba6b24-2458-3361-9b62-2b7edd55e846  |i 2e1ac85b-d374-38ed-b561-b225bcae95c4  |t 0 
952 f f |p ric  |a Texas A&M University  |b Rellis Campus  |c Joint Library Facility  |d Remote Storage  |t 0  |e L136 .C5 1947  |h Library of Congress classification  |i unmediated -- volume  |m A14800828471 
998 f f |a L136 .C5 1947  |t 0  |l Remote Storage